000 00315 a2200085 4500
100 1 _aSeiler, Karl.
_eAutor
245 0 _aPhysik und technik der Halbleiter /
_cSeiler Karl.
710 2 _aWissenschaftliche Vlgs. Gesellschaft.
_eWydawca
_4pbl
260 _aStuttgart :
_bWissenschaftliche Vlgs. Gesellschaft,
_c1964.
300 _aXIX, 222 s.;
_c25 cm.
999 _c11880
_d11880